Az M1 és az RTL Klub esti híradójának elemzése
Elmentve itt :
| Szerző: | |
|---|---|
| További közreműködők: | |
| Dokumentumtípus: | Szakdolgozat |
| Megjelent: |
2005
|
| Tárgyszavak: | |
| Online Access: | http://diploma.bibl.u-szeged.hu/38931 |
| LEADER | 00538nta a2200157 i 4500 | ||
|---|---|---|---|
| 001 | dipl38931 | ||
| 005 | 20130612111015.0 | ||
| 008 | 130610s2005 hu om 0|| hun d | ||
| 040 | |a SZTE Diploma Repozitórium |b hun | ||
| 041 | |a hun | ||
| 100 | 1 | |a Vass Judit | |
| 245 | 1 | 3 | |a Az M1 és az RTL Klub esti híradójának elemzése |h [elektronikus dokumentum] / |c Judit Vass |
| 260 | |c 2005 | ||
| 650 | 4 | |a Bölcsészettudományok | |
| 700 | 1 | |a Érdi Sándor |e ths | |
| 856 | 4 | 0 | |u http://diploma.bibl.u-szeged.hu/id/eprint/38931/1/2005_vass_judit.pdf |z Dokumentum-elérés |